Government Debt in Emerging Market Countries : A New Data Set /

This paper presents a new database on government debt in 19 emerging market countries since 1980. The data set focuses on the structure of debt in terms of jurisdiction of insurance, maturity, currency composition and indexation. The paper presents stylized facts on debt structures and preliminary e...

全面介紹

書目詳細資料
主要作者: Guscina, Anastasia
其他作者: Jeanne, Olivier
格式: 雜誌
語言:English
出版: Washington, D.C. : International Monetary Fund, 2006.
叢編:IMF Working Papers; Working Paper ; No. 2006/098
在線閱讀:Full text available on IMF
LEADER 01582cas a2200253 a 4500
001 AALejournalIMF004036
008 230101c9999 xx r poo 0 0eng d
020 |c 5.00 USD 
020 |z 9781451863581 
022 |a 1018-5941 
040 |a BD-DhAAL  |c BD-DhAAL 
100 1 |a Guscina, Anastasia. 
245 1 0 |a Government Debt in Emerging Market Countries :   |b A New Data Set /  |c Anastasia Guscina, Olivier Jeanne. 
264 1 |a Washington, D.C. :  |b International Monetary Fund,  |c 2006. 
300 |a 1 online resource (31 pages) 
490 1 |a IMF Working Papers 
500 |a <strong>Off-Campus Access:</strong> No User ID or Password Required 
500 |a <strong>On-Campus Access:</strong> No User ID or Password Required 
506 |a Electronic access restricted to authorized BRAC University faculty, staff and students 
520 3 |a This paper presents a new database on government debt in 19 emerging market countries since 1980. The data set focuses on the structure of debt in terms of jurisdiction of insurance, maturity, currency composition and indexation. The paper presents stylized facts on debt structures and preliminary evidence on their determinants. We observe substantial crosscountry variation in the structure of domestic debt and find it to be associated with countries' record of monetary stability. 
538 |a Mode of access: Internet 
700 1 |a Jeanne, Olivier. 
830 0 |a IMF Working Papers; Working Paper ;  |v No. 2006/098 
856 4 0 |z Full text available on IMF  |u http://elibrary.imf.org/view/journals/001/2006/098/001.2006.issue-098-en.xml  |z IMF e-Library